Estadísticas para Todos los Países Modernos que han sido Controlados por Prusia

Haz click aquí para tomar la prueba!

Estadísticas generales

  • Esta prueba ha sido tomada 1.372 veces
  • La puntuación promedio es 10 de 13

Respuestas en el mapa

Las respuestas están codificadas por una escala verde-roja en el mapa de la prueba según el % correcto abajo.
Cargando...
 

Estadísticas de respuestas

Países% Correcto
Alemania
99%
Polonia
98%
Dinamarca
97%
Lituania
95%
Bielorrusia
94%
Rusia
94%
Países Bajos
93%
Bélgica
92%
Suiza
82%
República Checa
67%
Ghana
46%
Mauritania
46%
Estados Unidos (Puerto Rico / Islas Virgenes)
17%

Distribución de puntuación

Porcentaje por número respondido

Porcentaje de gente con cada puntuación

Historial de tus puntuaciones

No has tomado esta prueba